000 00952cam a22003011 4500
999 _c127106
_d127106
001 4147555
003 ARRUPE
005 20171012112347.0
008 721115s1969 enk b 000 0 eng
010 _a 77469133
015 _aB69-29103
040 _aDLC
_cDLC
_dDLC
041 1 _aengfre
050 0 0 _aPQ1475
_b.A35
082 0 0 _a398.22
130 0 _aLa queste del Saint Graal.
_lEnglish
_937063
245 1 4 _aThe quest of the Holy Grail;
_ctranslated with an introduction by P. M. Matarasso.
260 _aHarmondsworth,
_bPenguin Books,
_c1969.
300 _a304 p.
_c19 cm.
350 _a8/-
490 0 _aThe Penguin classics
504 _aIncludes bibliographical references.
650 0 _aGrail
_vLegends.
_937064
700 1 _aMatarasso, Pauline Maud,
_etr.
_937065
906 _a7
_bcbc
_corignew
_d1
_encip
_f19
_gy-gencatlg
942 _2lcc
_cMONOGRAPH